[Event "Superliga w Szachach Szybkich"]
[Site "Wroclaw, Katowice, Krakow, Poznan"]
[Date "2023-10-17"]
[Round "8.14"]
[White "Moranda, Wojciech"]
[Black "Koziorowicz, Michal"]
[Result "1-0"]
[WhiteTitle "GM"]
[BlackTitle "FM"]
[WhiteElo "2562"]
[BlackElo "2177"]

1. d4 2. Nf6 3. c4 4. g6 5. Nc3 6. Bg7 7. e4 8. d6 9. f4 10. O-O 11. Nf3 12. c5
13. d5 14. e6 15. Be2 16. exd5 17. cxd5 18. Re8 19. e5 20. Nfd7 21. Ng5 22. dxe5
23. f5 24. gxf5 25. Bh5 26. Rf8 27. Bxf7+ 28. Kh8 29. Ne6 30. Qh4+ 31. g3 32.
Qf6 33. Bh5 34. f4 35. Nxf8 36. Nxf8 37. O-O 38. Ng6 39. Ne4 40. Qb6 41. Qb3 42.
Qd8 43. Bxg6 44. hxg6 45. gxf4 46. Nd7 47. Ng5 1-0

[Event "Superliga w Szachach Szybkich"]
[Site "Wroclaw, Katowice, Krakow, Poznan"]
[Date "2023-10-17"]
[Round "8.15"]
[White "Dzida, Kamil"]
[Black "Plat, Vojtech"]
[Result "0-1"]
[WhiteTitle "m"]
[BlackTitle "GM"]
[WhiteElo "2129"]
[BlackElo "2542"]

1. e4 2. d6 3. d4 4. Nf6 5. Nc3 6. e5 7. Nf3 8. Nbd7 9. Bc4 10. Be7 11. O-O 12.
O-O 13. a4 14. a5 15. Re1 16. c6 17. Ba2 18. exd4 19. Qxd4 20. Nc5 21. h3 22.
Be6 23. Bxe6 24. Nxe6 25. Qc4 26. Nd7 27. Be3 28. Bf6 29. Rad1 30. Qe7 31. Nd4
32. Bxd4 33. Bxd4 34. Ne5 35. Qf1 36. Nxd4 37. Rxd4 38. Rfe8 39. Red1 40. Rad8
41. f4 42. Ng6 43. g3 44. Nf8 45. Qd3 46. Qc7 47. Kg2 48. Qb6 49. b3 50. Qc5 51.
Rc4 52. Qh5 53. Qf3 54. Qg6 55. Rcd4 56. d5 57. f5 58. Qh6 59. exd5 60. Re3 61.
Qf2 62. Rxc3 63. d6 64. Qe3 65. Qxe3 66. Rxe3 67. Kf2 68. Re5 69. g4 70. Nd7 71.
Kf3 72. f6 73. b4 74. axb4 75. Rxb4 76. b6 77. Rc4 78. Rc5 79. Re4 80. Ne5+ 81.
Kg3 82. Rc3+ 0-1

[Event "Superliga w Szachach Szybkich"]
[Site "Wroclaw, Katowice, Krakow, Poznan"]
[Date "2023-10-17"]
[Round "8.16"]
[White "Maltsevskaya, Aleksandra"]
[Black "Lach, Aleksandra"]
[Result "1-0"]
[WhiteTitle "IM"]
[BlackTitle "WIM"]
[WhiteElo "2348"]
[BlackElo "2108"]

1. e4 2. e5 3. Nf3 4. Nc6 5. Bb5 6. a6 7. Ba4 8. Nge7 9. c3 10. g6 11. d4 12. exd4
13. cxd4 14. b5 15. Bb3 16. Bg7 17. d5 18. Na5 19. Bd2 20. Nxb3 21. Qxb3 22. c5
23. Bc3 24. c4 25. Qc2 26. O-O 27. a4 28. Bb7 29. O-O 30. d6 31. Bxg7 32. Kxg7
33. Nc3 34. Qd7 35. Qd2 36. b4 37. Ne2 38. a5 39. Qd4+ 40. Kg8 41. Qxc4 42. Ba6
43. Qc2 44. Rac8 45. Qd2 46. Qg4 47. Rfe1 48. Rfe8 49. Ned4 50. f5 51. h3 52.
Qh5 53. exf5 54. Nxf5 55. Ne6 56. Qh6 57. Nfg5 58. Re7 59. Rac1 60. Qh4 61. Kh2
62. Rxc1 63. Rxc1 64. h6 65. g3 66. Qh5 67. g4 68. Qh4 69. Nf3 70. Qf6 71. gxf5
72. Qxf5 73. Qxh6 74. Rh7 75. Qf8+ 76. Qxf8 77. Nxf8 78. Kxf8 79. Rc6 80. Bf1
81. Ng5 82. Re7 83. Rxd6 84. Re2 85. Kg3 86. Rxb2 87. Rb6 88. Rd2 89. d6 90. Rd3+
91. Kf4 92. b3 93. Ke5 94. Bg2 95. Ne6+ 96. Kf7 97. Nf4 98. Rd2 99. Nxg2 100.
b2 101. Rb7+ 102. Ke8 103. Ke6 104. Re2+ 105. Ne3 1-0

[Event "Superliga w Szachach Szybkich"]
[Site "Wroclaw, Katowice, Krakow, Poznan"]
[Date "2023-10-17"]
[Round "9.1"]
[White "Psyk, Radoslaw"]
[Black "Licznerski, Lukasz"]
[Result "0-1"]
[WhiteTitle "k++"]
[BlackTitle "IM"]
[WhiteElo "2327"]
[BlackElo "2423"]

1. e4 2. c6 3. d4 4. d5 5. exd5 6. cxd5 7. Bd3 8. Nc6 9. c3 10. Nf6 11. h3 12.
g6 13. Nf3 14. Bf5 15. O-O 16. Bg7 17. Re1 18. O-O 19. Ne5 20. Nxe5 21. Bxf5 22.
gxf5 23. dxe5 24. Nd7 25. Qxd5 26. Nxe5 27. Qxb7 28. Qd6 29. Qb3 30. Qg6 31. Kh1
32. Nd3 33. Rf1 34. Rfd8 35. Qc2 36. f4 37. Qe2 38. Rab8 39. Na3 40. e5 41. Nc4
42. e4 43. Qg4 44. f5 45. Qxg6 46. hxg6 47. Kg1 48. Rdc8 49. b3 50. Bxc3 51. Rb1
52. Rxc4 53. Bxf4 54. Rcc8 55. Bxb8 56. Rxb8 57. Rbd1 58. Rc8 59. g3 60. Ba5 61.
a3 62. Rc2 63. g4 64. Bb6 65. gxf5 66. gxf5 67. Kg2 68. Bxf2 69. h4 70. Nf4+ 71.
Kh1 72. Bg3 73. Rd8+ 74. Kf7 75. Rfd1 76. Nd3 77. R1xd3 78. exd3 79. Rxd3 80.
f4 81. h5 82. Kf6 83. b4 84. Kg5 85. b5 86. Kxh5 87. a4 88. Kg4 89. a5 90. Rc1+
91. Kg2 92. f3+ 0-1

[Event "Superliga w Szachach Szybkich"]
[Site "Wroclaw, Katowice, Krakow, Poznan"]
[Date "2023-10-17"]
[Round "9.2"]
[White "Klimkowski, Jan"]
[Black "Koziorowicz, Michal"]
[Result "1-0"]
[WhiteTitle "IM"]
[BlackTitle "FM"]
[WhiteElo "2368"]
[BlackElo "2177"]

1. d4 2. Nf6 3. c4 4. g6 5. Nc3 6. Bg7 7. e4 8. d6 9. Be2 10. O-O 11. Be3 12. Nc6
13. d5 14. Ne5 15. f4 16. Neg4 17. Bd2 18. Nh6 19. Nf3 20. c6 21. O-O 22. e6 23.
dxc6 24. bxc6 25. Kh1 26. Nd7 27. Be3 28. Qc7 29. Qd2 30. f5 31. Ng5 32. Nf6 33.
Rad1 34. fxe4 35. Ncxe4 36. Nxe4 37. Nxe4 38. d5 39. Ng5 40. Nf5 41. Bg1 42. Rb8
43. b3 44. a5 45. Bd3 46. a4 47. b4 48. a3 49. Rde1 50. Rd8 51. cxd5 52. exd5
53. Bc5 54. Bd7 55. g4 56. Nh6 57. f5 58. Nxg4 59. fxg6 60. h6 61. Ne6 62. Bxe6
63. Rxe6 64. Qd7 65. Re7 66. Qc8 67. Rff7 68. Bb2 69. Bf5 70. Qa6 71. Bxg4 72.
Rf8 73. Rxf8+ 74. Rxf8 75. Be6+ 1-0

[Event "Superliga w Szachach Szybkich"]
[Site "Wroclaw, Katowice, Krakow, Poznan"]
[Date "2023-10-17"]
[Round "9.3"]
[White "Dzida, Kamil"]
[Black "Sieciechowicz, Marcin"]
[Result "0-1"]
[WhiteTitle "m"]
[BlackTitle "IM"]
[WhiteElo "2129"]
[BlackElo "2329"]

1. e4 2. e6 3. d4 4. d5 5. Nc3 6. Nf6 7. e5 8. Nfd7 9. f4 10. c5 11. Nf3 12. Nc6
13. Be3 14. Qb6 15. Na4 16. Qa5+ 17. c3 18. b6 19. Bd2 20. c4 21. b4 22. Nxb4
23. cxb4 24. Bxb4 25. Kf2 26. Bxd2 27. Nxd2 28. b5 29. Nb2 30. Qc3 31. Rb1 32.
Qxd4+ 33. Kg3 34. c3 35. Nd3 36. cxd2 37. Qxd2 38. Nc5 39. Kf3 40. Ne4 41. Qe3
42. Qxe3+ 43. Kxe3 44. Bd7 45. Be2 46. Ke7 47. Rhc1 48. Rhc8 49. Bf3 50. Nc3 51.
Rb2 52. a5 53. a3 54. Na4 55. Rbc2 56. Rc4 57. Kd2 58. Rac8 59. Bd1 60. Nc5 61.
Nxc5 62. R8xc5 63. Rxc4 64. dxc4 65. Kc3 66. Bc6 67. g3 68. f6 69. exf6+ 70. gxf6
71. Bc2 72. h6 73. Re1 74. Rd5 75. Be4 76. Rd6 77. Bxc6 78. Rxc6 79. Kd4 80. c3
81. Rb1 82. c2 83. Rc1 84. b4 85. axb4 86. axb4 87. Kd3 88. b3 89. Kd4 0-1

[Event "Superliga w Szachach Szybkich"]
[Site "Wroclaw, Katowice, Krakow, Poznan"]
[Date "2023-10-17"]
[Round "9.4"]
[White "Kulon, Klaudia"]
[Black "Lach, Aleksandra"]
[Result "1-0"]
[WhiteTitle "IM"]
[BlackTitle "WIM"]
[WhiteElo "2271"]
[BlackElo "2108"]

1. c4 2. c6 3. Nf3 4. d5 5. g3 6. Bg4 7. Bg2 8. e6 9. O-O 10. Bxf3 11. Bxf3 12.
dxc4 13. Qc2 14. Nd7 15. a4 16. Ne5 17. Bg2 18. Nf6 19. Na3 20. Bxa3 21. Rxa3
22. O-O 23. f4 24. Qb6+ 25. Kh1 26. Neg4 27. h3 28. Nf2+ 29. Kh2 30. Qc5 31. Bf3
32. h5 33. d4 34. Qxd4 35. Be3 36. N2g4+ 37. hxg4 38. Qd8 39. g5 40. Nd5 41. Bxh5
42. c3 43. Bf2 44. cxb2 45. Qxb2 46. Qd6 47. Rd3 48. Qc7 49. e4 50. Nxf4 51. gxf4
52. Qxf4+ 53. Kg1 54. Qxe4 55. Qd4 56. Qf5 57. Bh4 58. Qa5 59. Rdf3 60. g6 61.
Bg4 62. e5 63. Qd7 64. Qd5 65. Qxd5 66. cxd5 67. Rxf7 68. Rxf7 69. Be6 70. Rf8
71. Bg3 72. Kh7 73. Rxf7+ 74. Rxf7 75. Bxf7 1-0

[Event "Superliga w Szachach Szybkich"]
[Site "Wroclaw, Katowice, Krakow, Poznan"]
[Date "2023-10-17"]
[Round "9.5"]
[White "Volokitin, Andrei"]
[Black "Mastrovasilis, Dimitrios"]
[Result "1-0"]
[WhiteTitle "GM"]
[BlackTitle "GM"]
[WhiteElo "2626"]
[BlackElo "2566"]

1. e4 2. c5 3. Nf3 4. e6 5. d4 6. cxd4 7. Nxd4 8. a6 9. Bd3 10. Bc5 11. Nb3 12.
Be7 13. Qg4 14. Nf6 15. Qxg7 16. Rg8 17. Qh6 18. Nc6 19. O-O 20. Ne5 21. Bf4 22.
Nxd3 23. cxd3 24. Rg6 25. Qh3 26. e5 27. Bd2 28. d5 29. Qe3 30. d4 31. Qe2 32.
Bh3 33. g3 34. Bxf1 35. Qxf1 36. Rc8 37. Na3 38. b5 39. Qd1 40. Qd7 41. Nc2 42.
Qh3 43. Ne1 44. Ng4 45. Nf3 46. Rf6 47. Be1 48. h5 49. Nbd2 50. Bb4 51. Rc1 52.
Rfc6 53. Rxc6 54. Rxc6 55. Nf1 56. Be7 57. a4 58. b4 59. Qb3 60. h4 61. Qd5 62.
Rc5 63. Qxc5 64. Bxc5 65. Ng5 66. Qxf1+ 67. Kxf1 1-0

[Event "Superliga w Szachach Szybkich"]
[Site "Wroclaw, Katowice, Krakow, Poznan"]
[Date "2023-10-17"]
[Round "9.6"]
[White "Wieczorek, Oskar"]
[Black "Moranda, Wojciech"]
[Result "0-1"]
[WhiteTitle "GM"]
[BlackTitle "GM"]
[WhiteElo "2394"]
[BlackElo "2562"]

1. e4 2. c5 3. Nf3 4. e6 5. g3 6. Nc6 7. Bg2 8. Nf6 9. Qe2 10. d5 11. exd5 12.
Nxd5 13. O-O 14. Be7 15. Rd1 16. Nd4 17. Nxd4 18. cxd4 19. c4 20. Nb4 21. d3 22.
Nc6 23. Nd2 24. a5 25. Nf3 26. O-O 27. Ne5 28. Nxe5 29. Qxe5 30. a4 31. Rb1 32.
Ra5 33. Qe2 34. Ra7 35. Bd2 36. b6 37. b4 38. axb3 39. axb3 40. Bb7 41. Bxb7 42.
Rxb7 43. Qe4 44. Qd7 45. b4 46. Ra7 47. Ra1 48. Ra4 49. b5 50. Qa7 51. Rxa4 52.
Qxa4 53. Rf1 54. Bc5 55. Bf4 56. Qa8 57. Qe2 58. Re8 59. Re1 60. e5 61. Bd2 62.
f5 63. g4 64. Qc8 65. gxf5 66. Qxf5 67. Qe4 68. Qf7 69. f4 70. Rf8 71. Qxe5 72.
Qg6+ 73. Kh1 74. Qxd3 75. Qe2 76. Qxe2 77. Rxe2 78. Ra8 79. Kg2 80. Kf7 81. Kf3
82. Ra4 83. Ke4 84. Rxc4 85. Kd3 86. Ra4 87. Re5 88. Ra3+ 89. Kc4 90. Ra2 91.
Kd3 92. Rb2 93. Rf5+ 94. Ke6 95. Re5+ 96. Kf6 97. Rd5 98. Rxb5 99. Rd7 100. Rb3+
101. Ke4 102. Rb2 103. Bc1 104. Rxh2 105. f5 106. Rh4+ 107. Bf4 108. g5 109. fxg6
110. hxg6 111. Kf3 112. g5 113. Bg3 114. Rh8 115. Rd5 116. Re8 117. Kg4 118. Re4+
119. Kf3 120. Re3+ 121. Kg4 122. d3 123. Rf5+ 124. Ke6 125. Rf1 126. d2 127. Rd1
128. Bb4 0-1

[Event "Superliga w Szachach Szybkich"]
[Site "Wroclaw, Katowice, Krakow, Poznan"]
[Date "2023-10-17"]
[Round "9.7"]
[White "Plat, Vojtech"]
[Black "Tazbir, Marcin"]
[Result "1-0"]
[WhiteTitle "GM"]
[BlackTitle "GM"]
[WhiteElo "2542"]
[BlackElo "2437"]

1. e4 2. c6 3. Nf3 4. d5 5. d3 6. Bg4 7. h3 8. Bxf3 9. Qxf3 10. e6 11. g3 12. Nf6
13. Qe2 14. dxe4 15. dxe4 16. e5 17. Bg2 18. Nbd7 19. O-O 20. Bc5 21. Nd2 22.
Qe7 23. Nc4 24. h5 25. Bg5 26. g6 27. Rad1 28. Qe6 29. b4 30. Be7 31. c3 32. b5
33. Na5 34. O-O 35. f4 36. exf4 37. gxf4 38. Rac8 39. e5 40. Nd5 41. Nxc6 42.
Qxc6 43. Bxd5 44. Qb6+ 45. Kh1 46. Bxg5 47. fxg5 48. Rce8 49. Rxf7 50. Rxf7 51.
Bxf7+ 52. Kxf7 53. Rxd7+ 54. Kg8 55. Qe4 56. Kh8 57. e6 58. Qxe6 59. Qxe6 60.
Rxe6 61. Rxa7 62. Re5 63. Rc7 64. Rxg5 65. Rc5 66. Rg3 67. Kh2 68. Rd3 69. Rxb5
70. Rxc3 71. a4 72. Ra3 73. a5 74. Kg7 75. h4 76. Kf6 77. Rb6+ 78. Kf5 79. a6
80. Kg4 81. Rxg6+ 82. Kxh4 83. Kg1 84. Ra4 85. b5 86. Ra5 87. Rg8 88. Kh3 89.
b6 90. Ra1+ 91. Kf2 92. Ra2+ 93. Kf3 94. Ra3+ 95. Kf4 96. Ra4+ 97. Ke3 98. Ra3+
99. Kd4 100. Ra4+ 101. Kc3 102. Ra3+ 103. Kc2 104. Ra2+ 105. Kc3 106. Ra3+ 107.
Kc4 108. Ra4+ 109. Kb5 1-0

[Event "Superliga w Szachach Szybkich"]
[Site "Wroclaw, Katowice, Krakow, Poznan"]
[Date "2023-10-17"]
[Round "9.9"]
[White "Pechac, Jergus"]
[Black "Navara, David"]
[Result "0-1"]
[WhiteTitle "GM"]
[BlackTitle "GM"]
[WhiteElo "2548"]
[BlackElo "2707"]

1. d4 2. Nf6 3. c4 4. e6 5. Nc3 6. Bb4 7. Qc2 8. d5 9. a3 10. Bxc3+ 11. Qxc3 12.
O-O 13. e3 14. b6 15. cxd5 16. exd5 17. Bd3 18. Ba6 19. Ne2 20. Bxd3 21. Qxd3
22. c5 23. b3 24. Nbd7 25. Bb2 26. Rc8 27. Rc1 28. c4 29. bxc4 30. dxc4 31. Qf5
32. b5 33. O-O 34. Qb6 35. d5 36. Nc5 37. Nf4 38. Rfe8 39. Rfd1 40. Nb3 41. Rc2
42. Qd6 43. Bxf6 44. Qxf6 45. Qxf6 46. gxf6 47. Nh5 48. Red8 49. Nxf6+ 50. Kg7
51. Nh5+ 52. Kf8 53. Nf6 54. a5 55. g4 56. b4 57. axb4 58. axb4 59. Rb1 60. h6
61. h4 62. Ke7 63. g5 64. hxg5 65. hxg5 66. Rc5 67. Kf1 68. Ra8 69. Ke2 70. Ra3
71. d6+ 72. Kxd6 73. Ne4+ 74. Kd5 75. Nxc5 76. Kxc5 77. Rcb2 78. Ra4 79. f4 80.
Na5 81. f5 82. c3 83. g6 84. fxg6 85. fxg6 86. Nc6 87. g7 88. Ra8 89. Rc2 90.
Kc4 91. Rg1 92. Rg8 93. Rcc1 94. Ne5 95. Rg5 96. b3 97. Rxe5 98. b2 99. Rc5+ 100.
Kxc5 101. Rxc3+ 102. Kb4 103. Rc7 104. Rb8 105. g8=Q 0-1

[Event "Superliga w Szachach Szybkich"]
[Site "Wroclaw, Katowice, Krakow, Poznan"]
[Date "2023-10-17"]
[Round "9.10"]
[White "Areshchenko, Alexander"]
[Black "Neugebauer, Martin"]
[Result "1/2-1/2"]
[WhiteTitle "GM"]
[BlackTitle "IM"]
[WhiteElo "2558"]
[BlackElo "2430"]

1. e4 2. c5 3. Nf3 4. d6 5. Bb5+ 6. Bd7 7. Bxd7+ 8. Qxd7 9. c4 10. Nc6 11. Nc3
12. g6 13. d4 14. cxd4 15. Nxd4 16. Bg7 17. Be3 18. Nf6 19. f3 20. Qc7 21. b3
22. Qa5 23. Rc1 24. O-O 25. O-O 26. Rac8 27. Nxc6 28. Rxc6 29. Qd2 30. a6 31.
Nd5 32. Qd8 33. a4 34. Nxd5 35. cxd5 36. Rxc1 37. Rxc1 38. Re8 39. Qb4 40. Qd7
41. Qc4 42. e6 43. dxe6 44. fxe6 45. Rd1 46. Rc8 47. Qb4 48. Rc6 49. Bd4 50. Bxd4+
51. Qxd4 52. Qg7 53. Qd2 54. Qe5 55. b4 56. Kg7 57. Qf2 58. Qc3 59. b5 60. axb5
61. axb5 62. Rc5 63. h4 64. Rxb5 65. Qa2 66. Qc5+ 67. Kh2 68. Qe5+ 69. Kh3 70.
d5 71. Qa3 72. Qf6 73. Qa4 74. Rc5 75. Qd7+ 76. Qf7 77. Qd6 78. Rc6 1/2-1/2

[Event "Superliga w Szachach Szybkich"]
[Site "Wroclaw, Katowice, Krakow, Poznan"]
[Date "2023-10-17"]
[Round "9.11"]
[White "Leniart, Arkadiusz"]
[Black "Socko, Bartosz"]
[Result "1-0"]
[WhiteTitle "GM"]
[BlackTitle "GM"]
[WhiteElo "2418"]
[BlackElo "2522"]

1. e4 2. e6 3. d4 4. d5 5. Nc3 6. Bb4 7. e5 8. Ne7 9. Bd2 10. Bxc3 11. Bxc3 12.
b6 13. Nf3 14. h6 15. h4 16. Ba6 17. Bxa6 18. Nxa6 19. Qd3 20. Qc8 21. Bd2 22.
c5 23. c3 24. Nc7 25. h5 26. Qa6 27. Qxa6 28. Nxa6 29. b4 30. cxb4 31. cxb4 32.
b5 33. Ke2 34. Kd7 35. a4 36. bxa4 37. Rxa4 38. Nc7 39. Rha1 40. Nc6 41. Bc3 42.
Rab8 43. Ke3 44. Rb6 45. Ne1 46. Rhb8 47. Nd3 48. Ke7 49. g4 50. f6 51. f4 52.
Nb5 53. Bb2 54. Rf8 55. Rc1 56. Rg8 57. f5 58. Re8 59. fxe6 60. fxe5 61. dxe5
62. d4+ 63. Ke4 64. Kxe6 65. Rf1 66. Ke7 67. g5 68. hxg5 69. Rf5 70. Rd8 71. Rxg5
72. Kf7 73. Ra1 74. Nc3+ 75. Bxc3 76. dxc3 77. Rf1+ 78. Kg8 79. h6 80. Nxb4 81.
Rxg7+ 82. Kh8 83. Rff7 84. Rxh6 85. Nxb4 86. Rh4+ 87. Ke3 88. Rxb4 89. Rh7+ 90.
Kg8 91. Rhg7+ 92. Kh8 93. Rh7+ 94. Kg8 95. Rfg7+ 96. Kf8 97. e6 98. Re8 99. Rf7+
100. Kg8 101. Rfg7+ 102. Kf8 103. e7+ 104. Rxe7+ 105. Rxe7 106. Rc4 107. Rc7 1-0

[Event "Superliga w Szachach Szybkich"]
[Site "Wroclaw, Katowice, Krakow, Poznan"]
[Date "2023-10-17"]
[Round "9.12"]
[White "Socko, Monika"]
[Black "Sliwicka, Alicja"]
[Result "1/2-1/2"]
[WhiteTitle "GM"]
[BlackTitle "WIM"]
[WhiteElo "2303"]
[BlackElo "2131"]

1. d4 2. Nf6 3. c4 4. c5 5. d5 6. b5 7. cxb5 8. a6 9. e3 10. e6 11. Nc3 12. exd5
13. Nxd5 14. Bb7 15. Nxf6+ 16. Qxf6 17. Nf3 18. Be7 19. bxa6 20. Nxa6 21. Bd2
22. Nb4 23. Bxb4 24. cxb4 25. Qd4 26. Bxf3 27. gxf3 28. Qxd4 29. exd4 30. Bf6
31. Bc4 32. Rc8 33. Bb5 34. O-O 35. O-O 36. Rc2 37. Rad1 38. Rxb2 39. Bc4 40.
Rc8 41. Bb3 42. Kf8 43. Kg2 44. Re2 45. Kg3 46. Rce8 47. Rd3 48. g5 49. Rc1 50.
Be7 51. Kg2 52. Bd6 53. Rc2 54. Re1 55. Rcd2 56. h5 57. Rd1 58. R1e2 59. R3d2
60. h4 61. h3 62. Bg3 63. Kf1 64. Rxd2 65. Rxd2 66. Bd6 67. Re2 68. Rxe2 69. Kxe2
70. Ke7 71. Kd3 72. f5 73. Kc4 74. Kf6 75. Kd3 76. Bc7 77. Bd1 78. Ke7 79. Kc4
80. Bd6 81. Kd5 82. Bh2 83. Kc4 84. Bd6 85. Kd5 86. Bh2 1/2-1/2

[Event "Superliga w Szachach Szybkich"]
[Site "Wroclaw, Katowice, Krakow, Poznan"]
[Date "2023-10-17"]
[Round "9.13"]
[White "Kollars, Dmitrij"]
[Black "Warakomski, Tomasz"]
[Result "1-0"]
[WhiteTitle "GM"]
[BlackTitle "GM"]
[WhiteElo "2560"]
[BlackElo "2461"]

1. e4 2. c5 3. Nf3 4. d6 5. Bb5+ 6. Nd7 7. c4 8. Nf6 9. Nc3 10. e6 11. O-O 12.
Be7 13. d4 14. cxd4 15. Qxd4 16. O-O 17. Rd1 18. Qc7 19. Bxd7 20. Bxd7 21. Bf4
22. Rfd8 23. Bxd6 24. Bxd6 25. Qxd6 26. Qxc4 27. Ne5 28. Qc8 29. Qe7 30. Be8 31.
Rac1 32. Qb8 33. Rxd8 34. Qxd8 35. Qxb7 36. Rb8 37. Qxa7 38. Rxb2 39. Qe3 40.
Qc7 41. Qd4 42. h5 43. h3 44. Rb8 45. Nd3 46. Rd8 47. Nd5 48. Qb8 49. Nxf6+ 50.
gxf6 51. Qe3 52. Qb5 53. Nf4 54. h4 55. Qf3 56. Qg5 57. Re1 58. Rd2 59. Nh5 60.
Bc6 61. Nxf6+ 62. Kg7 63. Nh5+ 64. Kh6 65. Nf6 66. Rxa2 67. Ng4+ 68. Kg6 69. Qc3
70. Bb5 71. Qh8 72. f6 73. Qg8+ 1-0

[Event "Superliga w Szachach Szybkich"]
[Site "Wroclaw, Katowice, Krakow, Poznan"]
[Date "2023-10-17"]
[Round "9.14"]
[White "Klekowski, Maciej"]
[Black "Teclaf, Pawel"]
[Result "1/2-1/2"]
[WhiteTitle "GM"]
[BlackTitle "GM"]
[WhiteElo "2405"]
[BlackElo "2508"]

1. c4 2. c6 3. Nf3 4. d5 5. e3 6. Nf6 7. b3 8. Bg4 9. Bb2 10. e6 11. Be2 12. Nbd7
13. O-O 14. Bd6 15. Nc3 16. O-O 17. d4 18. a6 19. h3 20. Bh5 21. Ne5 22. Bxe2
23. Nxe2 24. Qc7 25. Nd3 26. dxc4 27. bxc4 28. c5 29. Rc1 30. Rac8 31. Qb3 32.
Rfd8 33. Rfd1 34. Be7 35. Ba3 36. Bf8 37. Rb1 38. cxd4 39. Bxf8 40. Nxf8 41. Nxd4
42. e5 43. Nf5 44. g6 45. Ng3 46. Qxc4 47. Qxc4 48. Rxc4 49. Nxe5 50. Rxd1+ 51.
Rxd1 52. Rc7 53. Rd6 54. Kg7 55. f4 56. Ne6 57. Ng4 58. Rc1+ 59. Kf2 60. Rc2+
61. Kf3 62. Rxa2 63. Nxf6 64. Kxf6 65. Rd7 66. Nc5 67. Rc7 68. b6 69. Rc6+ 70.
Kg7 71. Rxb6 72. Nd3 73. f5 74. Rf2+ 75. Ke4 76. Nc5+ 77. Kd4 78. Nd7 79. Rb7
80. Rxg2 81. Ne4 82. gxf5 83. Rxd7 84. fxe4 85. Ra7 86. Ra2 87. Kxe4 88. Kg6 89.
Kf4 90. Ra4+ 91. Kf3 92. Ra1 93. Kg3 94. a5 95. Kf4 96. f6 97. h4 98. h5 99. e4
100. a4 101. Kf3 102. Ra3+ 103. Kf4 104. Ra2 105. Kf3 106. a3 107. Kg3 108. Ra1
109. Kg2 110. a2 111. Kh2 112. Re1 113. Rxa2 114. Rxe4 115. Kg3 116. Re3+ 117.
Kf4 118. Rh3 119. Rg2+ 120. Kf7 121. Rc2 122. Kg7 123. Rg2+ 124. Kf7 125. Ra2
126. Rc3 127. Ra4 128. Kg6 129. Ra8 130. Rh3 131. Rg8+ 132. Kf7 133. Ra8 134.
Kg6 135. Rg8+ 136. Kh7 137. Ra8 138. Rxh4+ 139. Kf5 140. Rg4 141. Kxf6 142. Rg1
143. Kf5 144. Rg7 145. Ra6 146. Rf7+ 147. Ke4 1/2-1/2

[Event "Superliga w Szachach Szybkich"]
[Site "Wroclaw, Katowice, Krakow, Poznan"]
[Date "2023-10-17"]
[Round "9.15"]
[White "Dziuba, Marcin"]
[Black "Galperin, Platon"]
[Result "1-0"]
[WhiteTitle "GM"]
[BlackTitle "GM"]
[WhiteElo "2468"]
[BlackElo "2442"]

1. Nf3 2. Nf6 3. d4 4. g6 5. Bf4 6. Bg7 7. e3 8. O-O 9. Be2 10. c5 11. c3 12. d6
13. O-O 14. Be6 15. a4 16. Qb6 17. Na3 18. Nc6 19. Rb1 20. Bb3 21. Qc1 22. Na5
23. Nd2 24. Nd5 25. Bg5 26. h6 27. Bh4 28. cxd4 29. exd4 30. Nf4 31. Bb5 32. Bd5
33. b4 34. Nc6 35. Ndc4 36. Ne2+ 37. Kh1 38. Qc7 39. Qd2 40. Nxc3 41. Qxc3 42.
Nxd4 43. Qd3 44. a6 45. Ne3 46. Bxg2+ 47. Nxg2 48. axb5 49. Nxb5 50. Nxb5 51.
Qxb5 52. Rfc8 53. a5 54. Ra6 55. Ne3 56. e6 57. Rfc1 58. Rc6 59. Rxc6 60. bxc6
61. Qd3 62. c5 63. bxc5 64. Qxc5 65. Qb5 66. Qa3 67. Qb7 68. Rc5 69. Bd8 70. Bd4
71. Qe4 72. Bc3 73. Qa8 74. Kg7 75. Be7 76. Kh7 77. Qe8 78. Rxa5 79. Qxf7+ 80.
Bg7 81. Rg1 82. Qd3 83. Bf6 84. Qe4+ 85. Ng2 1-0

[Event "Superliga w Szachach Szybkich"]
[Site "Wroclaw, Katowice, Krakow, Poznan"]
[Date "2023-10-17"]
[Round "9.16"]
[White "Antolak, Julia"]
[Black "Kiolbasa, Oliwia"]
[Result "1/2-1/2"]
[WhiteTitle "WGM"]
[BlackTitle "IM"]
[WhiteElo "2192"]
[BlackElo "2321"]

1. d4 2. d5 3. c4 4. e6 5. Nc3 6. Nf6 7. Bg5 8. Be7 9. e3 10. h6 11. Bh4 12. Nbd7
13. Nf3 14. O-O 15. Qc2 16. c5 17. dxc5 18. dxc4 19. Bxc4 20. Qa5 21. O-O 22.
Qxc5 23. Ne4 24. Nxe4 25. Bxe7 26. Qxe7 27. Qxe4 28. Nf6 29. Qf4 30. Rd8 31. Rfd1
32. Bd7 33. Ne5 1/2-1/2

[Event "Superliga w Szachach Szybkich"]
[Site "Wroclaw, Katowice, Krakow, Poznan"]
[Date "2023-10-17"]
[Round "10.1"]
[White "Licznerski, Lukasz"]
[Black "Kollars, Dmitrij"]
[Result "0-1"]
[WhiteTitle "IM"]
[BlackTitle "GM"]
[WhiteElo "2423"]
[BlackElo "2560"]

1. e4 2. e5 3. Nf3 4. Nc6 5. Bb5 6. a6 7. Ba4 8. Nf6 9. O-O 10. Bc5 11. Bxc6 12.
dxc6 13. d3 14. Qe7 15. Be3 16. Bg4 17. Nbd2 18. Nd7 19. Qe2 20. Bd6 21. h3 22.
Bh5 23. g4 24. Bg6 25. Bg5 26. f6 27. Be3 28. Bf7 29. Nh4 30. g6 31. Ng2 32. h5
33. f3 34. O-O-O 35. c3 36. hxg4 37. hxg4 38. Nc5 39. b4 40. Na4 41. Rac1 42.
Rh3 43. Nc4 44. f5 45. Bd2 46. fxg4 47. fxg4 48. Be6 49. Nce3 50. Rdh8 51. Rf3
52. Rh1+ 53. Kf2 54. Rxc1 55. Bxc1 56. Nxc3 57. Qb2 58. Nb5 59. Kg3 60. Nd4 61.
Rf1 62. Bxb4 63. Bd2 64. Ba3 65. Qb1 66. Bc5 67. Rh1 68. Rf8 69. Qd1 70. Rf3+
71. Kh2 72. Rf2 73. Kg3 74. Qf8 75. Rf1 76. Ne2+ 0-1

[Event "Superliga w Szachach Szybkich"]
[Site "Wroclaw, Katowice, Krakow, Poznan"]
[Date "2023-10-17"]
[Round "10.2"]
[White "Teclaf, Pawel"]
[Black "Klimkowski, Jan"]
[Result "1-0"]
[WhiteTitle "GM"]
[BlackTitle "IM"]
[WhiteElo "2508"]
[BlackElo "2368"]

1. c4 2. Nf6 3. g3 4. c5 5. Bg2 6. d5 7. cxd5 8. Nxd5 9. Nc3 10. Nc7 11. d3 12.
e5 13. Be3 14. Be7 15. Rc1 16. Nd7 17. Nf3 18. O-O 19. O-O 20. Rb8 21. Bh3 22.
b6 23. Bxd7 24. Qxd7 25. Nxe5 26. Qe6 27. Nf3 28. Bb7 29. Bf4 30. Rbc8 31. Qa4
32. a6 33. Qb3 34. Nd5 35. Bg5 36. f6 37. Bd2 38. Rfd8 39. Rfe1 40. Kh8 41. e4
42. Nc7 43. Qxe6 44. Nxe6 45. Nd5 46. Bf8 47. Nxb6 48. Rb8 49. Nd5 50. Kg8 51.
Nf4 52. Bc8 53. b3 54. Rb7 55. Nd5 56. Bd7 57. Ba5 58. Rdb8 59. Red1 60. Bb5 61.
Rc2 62. Kf7 63. d4 64. g5 65. h3 66. h5 67. dxc5 68. Bxc5 69. Nc7 70. Rxc7 71.
Bxc7 72. Rc8 73. Bb6 74. g4 75. Bxc5 76. gxf3 77. Rdc1 78. h4 79. Be3 80. Rg8
81. Kh2 82. hxg3+ 83. fxg3 84. Bd3 85. Rc8 86. Rg7 87. Rd1 88. Bb5 89. a4 90.
Be8 91. Ra8 92. Bc6 93. Ra7+ 94. Kg6 95. Rxg7+ 96. Nxg7 97. g4 98. Bxe4 99. Kg3
100. f5 101. Rd6+ 102. Kf7 103. Rxa6 1-0